| 000 | 01147nam a22003137a 4500 | ||
|---|---|---|---|
| 003 | CHAP | ||
| 005 | 20220329140142.0 | ||
| 008 | 971013s1987 r 00010 d | ||
| 010 | _a47745 | ||
| 011 | _a48717 | ||
| 035 | _a52863 | ||
| 040 | _cCHAP | ||
| 090 | _aTesis | ||
| 100 | 0 | 0 |
_aReyna Michel, Alfonso. _997052 |
| 245 | _aEvaluación de cinco cultivares de lechuga en tres densidades de siembra al agente causal de la pudrición blanda (Erwinia carotovora) en el campo experimental de la F.A.U.A.N.L. en Marín, N. L. | ||
| 260 |
_aMarín, N. L. : _bEl autor, _c1987 |
||
| 300 |
_a69 h. _b; gráfs. |
||
| 502 | _aTesis (Ing. Agr. Parasitólogo) -- Universidad Autónoma de Nuevo León. Facultad de Agronomía | ||
| 590 |
_aALEPH _b10 _c20130110 _lUCH01 _h1318 |
||
| 590 |
_aBATCH-UPD _b10 _c20130110 _lUCH01 _h1934 |
||
| 590 |
_aCONVERSION _b10 _c20130109 _lUCH01 _h1326 |
||
| 650 | 1 | 4 |
_aErwinia carotovora. _937359 |
| 650 | 1 | 4 |
_aLechuga _xEnfermedades. _965458 |
| 650 | 1 | 4 |
_aLechuga _xEspaciamiento. _965459 |
| 650 | 1 | 4 |
_aLechuga _xVariedades. _965479 |
| 901 | _aBK | ||
| 942 | _cTESIS | ||
| 949 |
_bBC _cTES _d-117486 _eTS1 _h20422 _i52863 _si |
||
| 999 |
_c47745 _d47745 |
||